000 00610nam a2200205 a 4500
005 20210223120904.0
008 991125 mx 000 0 spa u
020 _a9682957672
035 _aUPN01000008730
049 _aI
050 4 _aQL791
_aA2.28
100 1 _aPaqueforêt, Marcus
_929833
245 1 2 _aA comer, mi bebé /
_cinvest. iconográfica de Barbara Préat ; tr. Gloria Elena Bernal.
260 _aMéxico :
_bHachette :
_aSEP,
300 _a[16] p. :
_bfotos.
440 0 _aLibros del rincón
650 4 _aINFANCIA DE LOS ANIMALES
_96472
700 1 _aPréat, Barbara,
_eil.
905 _aInfantil
999 _c8730
_d8730